000 00468nam a2200169 i 4500
001 135444
003 ES-MaACL
005 20250930063120.0
007 t|
008 070718s1918 sp ||||1| spa d
100 1 _aToral, José,
_d1874-1935
_9159961
245 1 3 _aLa cadena
_b: novela /
_cJosé Toral.
260 _aMadrid :
_b[Viuda de Prudencio Pérez],
_c1918.
300 _a333 p. ;
_c19 cm.
852 _aES-MaACL
_jF-6977
999 _c135444
_d135444